Statistiques concernant Paroles - Time Time - trei degete

Cliquez ici pour prendre le quiz!

Statistiques générales

  • Ce quiz a été pris 28 fois
  • Le résultat moyen est 64 sur 163

Statistiques - réponses

HintRéponse% Correct
Time
92%
(Time)
92%
Pepene,
65%
Pepene
65%
Un
62%
Bye
54%
42%
În
31%
In
31%
Mănânc
31%
Fericit
27%
Antic
23%
Dansăm
23%
Dansâm
23%
23%
Preistorie
19%
Sunt
19%
Ya
19%
Antichitate
15%
Așa
15%
Călătorim
15%
Egiptul
15%
Fără
15%
Gata
15%
Plecăm
15%
Sălbatic
15%
Suntem
15%
x4 | x8Oh
12%
Sâmburi
12%
Veniți
12%
Vestul
12%

Distribution des résultats

Percentile par nombre de réponses

% des personnes avec chaque résultat

Votre développement - résultats

Vous n’avez pas pris ce quiz